1771 1818 1243 1313 1449 1913 1527 1160 1540 1783 1381 1851 1251 1057 1171 1917 1490 1939 1966 1260 1217 1816 1639 1800 1777 1687 1458 1960 1652 1826 1799 1764 1477 1022 1955 1857 1455 1916 1648 1273 1297 1583 1497 1464 1561 1972 1031 1649 1437 1951 1953 1563 1479 1502 1193 1552 1735 1246 1679 1380 2000 1599 1086 1539 1918 1916 1296 1279 1957 1902 1555 1641 1588 1522 1597 1506 1253 1628 1352 1864 1655 1141 1257 1726 1200 1362 1079 1045 1891 1934 1469 1084 1544 1063 1878 1166 1706 1484 1728 BCNSPRNW ULIB Ver.6.0+V

เปลี่ยนเป็นภาษาไทย

Change to English
 แสดงรายละเอียดบรรณานุกรม
  กลับหน้าหลัก

Brief Record : Get Marc (ISO 2709) : E-mail record : QR code < ปิดหน้าต่าง
LEADER : 00000nam 2200000uu 4500
001    13399125470
003     ULIB
008    170612s2558||||th 000 0 tha d
020    ^a9786162797101
060  4 ^aWI600^bว334ร
100 0  ^aวรุตม์ โล่ห์สิริวัฒน์
245 10 ^aโรคของไส้ตรงและทวารหนักที่พบบ่อย =^bCommon Anorectal Diseases/^cวรุตม์ โล่ห์สิริวัฒน์,บรรณาธิการ
250    ^aพิมพ์ครั้งที่ 1
260    ^aกรุงเทพฯ :^bสำนักพิมพ์ศิริราช คณะแพทยศาสตร์ศิริราชพยาบาล มหาวิทยาลัยมหิดล ,^c2558.
300    ^a186 หน้า :^bภาพประกอบสี;^c26 ซม.
650  7 ^aลำไส้^xโรค
650  7 ^aทวารหนัก^xโรค
650  7 ^aศัลยศาสตร์ลำไส้ใหญ่โคลอนและเรคตัม
945    ^p0^l0^i002256
945    ^p0^l0^i002257
945    ^p0^l0^i002258
999    ^aวรรณษา ชูชัยมงคล
รายการนี้ยังไม่มีแท็ก
คุณยังไม่ได้ล็อกอิน คุณสามารถมีกิจกรรมร่วมกับเว็บไซต์ได้ แต่ต้องล็อกอินก่อน ::
  ล็อกอิน

รายการสื่อสารสนเทศ

ลำดับที่ ประเภท เลขเรียก/บาร์โค้ด สถานที่ สถานะ
1. วิทยาศาสตร์การแพทย์ และสุขภาพ
วิทยาศาสตร์การแพทย์ และสุขภาพ
สถานะ=หนังสือเก่า
WI600 ว334ร ฉ.1 
  Barcode: 002256
ห้องสมุดวิทยาเขตสวรรค์ประชารักษ์
►ส่วนจัดเก็บหนังสือเก่า สปร
บนชั้น
  ขอยืม
2. วิทยาศาสตร์การแพทย์ และสุขภาพ
วิทยาศาสตร์การแพทย์ และสุขภาพ
สถานะ=หนังสือเก่า
WI600 ว334ร ฉ.2 
  Barcode: 002257
ห้องสมุดวิทยาเขตสวรรค์ประชารักษ์
►ส่วนจัดเก็บหนังสือเก่า สปร
บนชั้น
  ขอยืม
3. วิทยาศาสตร์การแพทย์ และสุขภาพ
วิทยาศาสตร์การแพทย์ และสุขภาพ
สถานะ=หนังสือเก่า
WI600 ว334ร ฉ.3 
  Barcode: 002258
ห้องสมุดวิทยาเขตสวรรค์ประชารักษ์
►ส่วนจัดเก็บหนังสือเก่า สปร
บนชั้น
  ขอยืม

รายการใกล้เคียง
    ผู้แต่ง [วรุตม์ โล่ห์สิริวัฒน์]

    หัวเรื่อง [ศัลยศาสตร์ลำไส้ใหญ่โคลอนและเรคตัม]

BibComment


ยังไม่เคยถูกคอมเมนท์

คอมเมนท์ทรัพยากรรายการนี้
  คอมเมนท์: โรคของไส้ตรงและท..


 Copyright 2026. Bcnsprnw @Library